| 000 | 00738nam a2200253 a 4500 | ||
|---|---|---|---|
| 001 | 81407 | ||
| 003 | BD-RjUL | ||
| 005 | 20260225143558.0 | ||
| 008 | 230517s1999 nyua b 001 0 eng | ||
| 020 | _a047125424X (cloth : alk. paper) | ||
| 035 | _a(BD-RjUL)81407 | ||
| 040 |
_aDLC _cDLC _dDLC _dBD-RjUL _beng |
||
| 041 | _aeng | ||
| 082 | 0 | 0 |
_221 _a660.281 _bLEC 1999 |
| 100 | 1 |
_aLevenspiel, Octave. _97541 |
|
| 245 | 1 | 0 |
_aChemical reaction engineering / _cOctave Levenspiel. |
| 250 | _a3rd ed. | ||
| 260 |
_aNew York : _bWiley, _cc1999. |
||
| 300 |
_axvi, 668 p. : _bill. ; _c26 cm. |
||
| 504 | _aIncludes bibliographical references and indexes. | ||
| 650 | 0 |
_aChemical reactors. _97542 |
|
| 942 |
_2ddc _cBK |
||
| 999 |
_c81407 _d81407 |
||